000 00420nam a2200157Ia 4500
005 20250327172349.0
008 240404s9999 xx 000 0 und d
020 _a97893899656282
082 _a343.09 DIV;1  R
100 _aDivan, Madhvi Goradia. Sorabjee, Soli J.
245 0 _aFacets of media law
250 _a2nd ed.
260 _c2013
_bEastern Book Company
_aLucknow
300 _axlviii, 638
942 _cAA
999 _c296331
_d296331